00629nam a2200181Ia 4500003000400000005001700004008004100021040001800062041000800080100006000088110003100148245005400179260001700233710004700250942001300297999001900310952011800329OSt20260318112013.0211028s2017 xx 000 0 und d cAIMIT LIBRARY aeng aMaskeri, Vishal Prakash; Suvaris, Roshan.g15182794879 aSuman antony Lasrado94880 aIntranet portal for enterprise interoperability / aMysorec2017 aVeriton Software Solutions Pvt. Ltd.94881 2ddccPRO c217719d217719 00102ddc40718PR_MCAaAIMITbAIMITd2021-10-28eMCAl0pPRC00942r2021-10-28 00:00:00t151827w2021-10-28yPRO